| 000 | 00787nam a2200229 i 4500 | ||
|---|---|---|---|
| 001 | 55808 | ||
| 003 | ES-MaACL | ||
| 005 | 20230906163226.0 | ||
| 007 | t| | ||
| 008 | 030926s1968 sp ||||1| spa d | ||
| 245 | 0 | 3 |
_aEl diálogo _b: la iglesia se define... / _cFranz König, José María González-Ruiz ; [traducido Carlos Castro, Amador Lapuente]. |
| 260 |
_aMadrid : _bMarova, _c[1968] |
||
| 300 |
_a115 p. ; _c20 cm. |
||
| 500 | _aPrecede al tít.: Secretariado para los no-creyentes. | ||
| 700 | 1 |
_aKönig, Franz. _9189010 |
|
| 700 | 1 |
_aGonzález Ruiz, José María. _958943 |
|
| 700 | 1 |
_aCastro, Carlos. _936837 |
|
| 700 | 1 |
_aLapuente, Amador. _970184 |
|
| 710 | 2 |
_aSecretariado para los no-creyentes. _96537 |
|
| 852 |
_aES-MaACL _jC-35458 _bR.68896 |
||
| 999 |
_c55808 _d55808 |
||